[Event "II. CLANSKA LIGA ZAHOD 2016"]
[Site "Komenda"]
[Date "2016.11.13"]
[Round "4.1"]
[White "Beletic, Danijel"]
[Black "Markosek, Maj"]
[Result "1/2-1/2"]
[WhiteElo "2303"]
[BlackElo "1919"]
[PlyCount "48"]
[EventDate "2016.11.13"]
[WhiteTeam "SK RIMEX ILIRSKA BISTRICA"]
[BlackTeam "SK KOMENDA"]

1. Nf3 Nf6 2. c4 e6 3. g3 b6 4. Bg2 Bb7 5. O-O Be7 6. b3 O-O 7. Bb2 d5 8. e3
Nbd7 9. Nc3 Nc5 10. Rb1 a5 11. Nd4 Nce4 12. Nxe4 dxe4 13. d3 Qc8 14. dxe4 Bxe4
15. Bxe4 Nxe4 16. Nc6 Qe8 17. Qg4 Nf6 18. Qf3 Bd6 19. Nd4 Be5 20. Nb5 Bxb2 21.
Nxc7 Qb8 22. Nxa8 Ba3 23. Nxb6 Qxb6 24. Rfd1 h6 1/2-1/2

[Event "II. CLANSKA LIGA ZAHOD 2016"]
[Site "Komenda"]
[Date "2016.11.13"]
[Round "4.2"]
[White "Trebusak, Anton"]
[Black "Doric, Nenad"]
[Result "0-1"]
[WhiteElo "1872"]
[BlackElo "2255"]
[PlyCount "80"]
[EventDate "2016.11.13"]
[WhiteTeam "SK KOMENDA"]
[BlackTeam "SK RIMEX ILIRSKA BISTRICA"]

1. d4 d5 2. Nf3 Nf6 3. c4 e6 4. Nc3 c6 5. e3 Nbd7 6. Bd3 dxc4 7. Bxc4 b5 8. Bd3
Bb7 9. O-O a6 10. Ne4 c5 11. Nxf6+ Nxf6 12. Be2 Qb6 13. dxc5 Bxc5 14. a3 Rd8
15. Qe1 O-O 16. Bd2 Rd5 17. Rc1 Qd8 18. Bb4 Ne4 19. Bxc5 Nxc5 20. Rd1 Qf6 21.
Qb4 Na4 22. Nd4 Qg6 23. Nf3 Qc2 24. Rxd5 Bxd5 25. Bd1 Qxb2 26. Bxa4 Qxb4 27.
axb4 bxa4 28. Ra1 Bb3 29. Nd4 Rb8 30. Kf1 Rxb4 31. Ke1 g6 32. g3 Kg7 33. Kd2
Rc4 34. Kd3 Rc8 35. Nxb3 axb3 36. Rxa6 Rc2 37. f4 Rxh2 38. Ke4 Rf2 39. Rb6 b2
40. g4 h5 0-1

[Event "II. CLANSKA LIGA ZAHOD 2016"]
[Site "Komenda"]
[Date "2016.11.13"]
[Round "4.3"]
[White "Nedimovic, Ljubisa"]
[Black "Kralj, Nejc"]
[Result "1-0"]
[WhiteElo "2185"]
[BlackElo "1695"]
[PlyCount "95"]
[EventDate "2016.11.13"]
[WhiteTeam "SK RIMEX ILIRSKA BISTRICA"]
[BlackTeam "SK KOMENDA"]

1. d4 d5 2. Bg5 h6 3. Bh4 Nf6 4. Bxf6 exf6 5. e3 Bd6 6. g3 Bf5 7. Nd2 O-O 8.
Bg2 c6 9. Ne2 Nd7 10. O-O Nb6 11. b3 Re8 12. c4 Ba3 13. c5 Nd7 14. e4 Bh7 15.
f3 b6 16. cxb6 Qxb6 17. Kh1 Bb2 18. Rb1 Bxd4 19. Nc4 dxc4 20. Qxd4 Qxd4 21.
Nxd4 cxb3 22. Rxb3 Ne5 23. Rc1 Rab8 24. Nxc6 Nxc6 25. Rxc6 Rxb3 26. axb3 Rb8
27. Bf1 Bg6 28. Bc4 Rb7 29. Bd5 Re7 30. Kg2 f5 31. Rxg6 fxe4 32. fxe4 Kf8 33.
Rc6 Rd7 34. Rc8+ Ke7 35. Rb8 f5 36. Rb7 Rxb7 37. Bxb7 fxe4 38. Bxe4 Kd6 39. Kf3
Ke5 40. Bg6 Kf6 41. Be8 Kf5 42. b4 Ke5 43. b5 Kf5 44. Ke3 Ke5 45. Kd3 Kd5 46.
Bc6+ Kd6 47. Kd4 h5 48. h4 1-0

[Event "II. CLANSKA LIGA ZAHOD 2016"]
[Site "Komenda"]
[Date "2016.11.13"]
[Round "4.4"]
[White "More, Erlend"]
[Black "Sajn, Simon"]
[Result "0-1"]
[WhiteElo "1650"]
[BlackElo "2096"]
[PlyCount "66"]
[EventDate "2016.11.13"]
[WhiteTeam "SK KOMENDA"]
[BlackTeam "SK RIMEX ILIRSKA BISTRICA"]

1. d4 Nf6 2. c4 g6 3. Nc3 Bg7 4. e4 d6 5. Be2 O-O 6. Be3 e5 7. d5 Na6 8. f3 Nh5
9. Qd2 f5 10. O-O-O Nf4 11. Bf1 Bd7 12. g3 Nh5 13. Bg5 Bf6 14. Bh6 Rf7 15. Nh3
Bg7 16. Bxg7 Kxg7 17. Ng5 Rf6 18. Be2 h6 19. Ne6+ Bxe6 20. dxe6 Rxe6 21. exf5
gxf5 22. g4 fxg4 23. fxg4 Nf4 24. Ne4 Qh4 25. Bf3 Kh8 26. Ng3 Nc5 27. Qc2 Nh3
28. Kb1 Rf8 29. Rhf1 Ref6 30. Nh5 Rxf3 31. Rxf3 Rxf3 32. Qg6 Qe7 33. Qxh6+ Qh7+
0-1

[Event "II. CLANSKA LIGA ZAHOD 2016"]
[Site "Komenda"]
[Date "2016.11.13"]
[Round "4.5"]
[White "Rolih, Miran"]
[Black "Mlakar, Matej"]
[Result "1-0"]
[WhiteElo "1795"]
[BlackElo "1503"]
[PlyCount "61"]
[EventDate "2016.11.13"]
[WhiteTeam "SK RIMEX ILIRSKA BISTRICA"]
[BlackTeam "SK KOMENDA"]

1. e4 e5 2. Nf3 Nc6 3. Bc4 Nf6 4. O-O Bc5 5. d4 Bxd4 6. Nxd4 Nxd4 7. Bg5 O-O 8.
f4 Qe7 9. fxe5 Qxe5 10. Bxf6 gxf6 11. Nd2 Qg5 12. c3 Nc6 13. Rf5 Qg7 14. Rf3
Kh8 15. Rg3 Qh6 16. Rh3 Qg6 17. Nf3 Ne5 18. Qd4 Nxf3+ 19. Rxf3 Rg8 20. g3 Rf8
21. Raf1 d6 22. Rxf6 Qg7 23. R1f4 Bd7 24. Qf2 Rad8 25. Rxf7 Rxf7 26. Rxf7 Qh6
27. Qd4+ Kg8 28. Rxd7+ Kf8 29. Rf7+ Ke8 30. Qh8+ Qf8 31. Qxf8# 1-0

[Event "II. CLANSKA LIGA ZAHOD 2016"]
[Site "Komenda"]
[Date "2016.11.13"]
[Round "4.6"]
[White "Zidar, Jernej"]
[Black "Delost, Josko"]
[Result "0-1"]
[WhiteElo "1272"]
[BlackElo "1666"]
[PlyCount "116"]
[EventDate "2016.11.13"]
[WhiteTeam "SK KOMENDA"]
[BlackTeam "SK RIMEX ILIRSKA BISTRICA"]

1. d4 d5 2. c4 c6 3. Nf3 Nf6 4. Nc3 e6 5. Bf4 dxc4 6. e3 b5 7. a4 Qb6 8. Be2
Bb4 9. O-O O-O 10. Rc1 Bb7 11. axb5 cxb5 12. b3 Bxc3 13. Rxc3 cxb3 14. Qxb3 a6
15. Bc7 Qa7 16. Ra1 Nd5 17. Rc2 Nxc7 18. Rxc7 Qb6 19. Rac1 Nc6 20. Rd7 Rad8 21.
Rxd8 Rxd8 22. Rc5 Ne7 23. Ne5 Ng6 24. Nc4 Qa7 25. Na5 Bd5 26. Qc3 Qa8 27. f3 h6
28. e4 Nf4 29. Qe3 Nxe2+ 30. Qxe2 Bb7 31. Rc7 Bxe4 32. fxe4 Rxd4 33. Qf3 Qf8
34. Nc6 Ra4 35. Ne7+ Kh7 36. Qd3 f6 37. e5+ f5 38. Qd6 Ra1+ 39. Kf2 Ra2+ 40.
Kg3 Qa8 41. Nc6 Qe8 42. Ne7 Qh5 43. Qb4 Qg5+ 44. Kf3 Qxg2+ 45. Ke3 Qf2+ 46. Kd3
Qe2+ 47. Kd4 Ra4 48. Qxa4 Qe4+ 49. Kc3 Qxa4 50. Nc8 Qa5+ 51. Kb3 Qxc7 52. Nd6
Qc5 53. Nf7 a5 54. Kb2 a4 55. Kb1 a3 56. Ka2 Qc3 57. Ng5+ hxg5 58. h4 Qb2# 0-1

[Event "II. CLANSKA LIGA ZAHOD 2016"]
[Site "Komenda"]
[Date "2016.11.13"]
[Round "4.1"]
[White "Luzar, Emil"]
[Black "Anakiev, Dimitar"]
[Result "1-0"]
[WhiteElo "2176"]
[BlackElo "2018"]
[PlyCount "129"]
[EventDate "2016.11.13"]
[WhiteTeam "SK DOLENJSKE TOPLICE"]
[BlackTeam "SD RADOVLJICA"]

1. Nf3 Nf6 2. g3 g6 3. Bg2 Bg7 4. O-O O-O 5. d3 d6 6. c3 c6 7. Nbd2 Qa5 8. Qc2
Qh5 9. Re1 Bh3 10. Bh1 Nbd7 11. e4 Ne5 12. d4 Neg4 13. e5 dxe5 14. dxe5 Nd7 15.
e6 fxe6 16. Ne4 Rxf3 17. Bxf3 Nde5 18. Bd1 Bg2 19. Bxg4 Nxg4 20. Kxg2 Qxh2+ 21.
Kf1 Rf8 22. Bf4 e5 23. Ke2 Qh5 24. Qb3+ Kh8 25. Kd2 exf4 26. Rad1 fxg3 27. fxg3
Nf2 28. Nxf2 Rxf2+ 29. Kc1 Qf5 30. Rd8+ Bf8 31. Qd1 c5 32. g4 Qf4+ 33. Kb1 Qh2
34. Qb3 Qc7 35. Red1 c4 36. Qb5 Qh2 37. Ka1 Qf4 38. Qd7 Kg7 39. a4 Qe4 40. Qd4+
Qxd4 41. R1xd4 Kf7 42. Rxc4 Bh6 43. Rd7 Bc1 44. Rxb7 h5 45. gxh5 gxh5 46. Kb1
Bg5 47. Rxa7 h4 48. Rg4 Bf6 49. Ra5 h3 50. Rg1 h2 51. Rh1 e5 52. Rd5 Kg6 53.
Rd3 e4 54. Re3 Kf5 55. a5 Bg5 56. Ree1 Bf4 57. a6 Bb8 58. b4 Kf4 59. c4 Be5 60.
b5 Bd4 61. Rd1 Ke5 62. Rxd4 Kxd4 63. a7 Rg2 64. Rxh2 Rxh2 65. a8=Q 1-0

[Event "II. CLANSKA LIGA ZAHOD 2016"]
[Site "Komenda"]
[Date "2016.11.13"]
[Round "4.2"]
[White "Buha, Drago"]
[Black "Pucelj, Joze"]
[Result "1/2-1/2"]
[WhiteElo "1964"]
[BlackElo "2084"]
[PlyCount "80"]
[EventDate "2016.11.13"]
[WhiteTeam "SD RADOVLJICA"]
[BlackTeam "SK DOLENJSKE TOPLICE"]

1. d4 g6 2. Bf4 Bg7 3. Nf3 Nf6 4. Nc3 d5 5. h3 c6 6. e3 O-O 7. Bd3 a5 8. a4 Na6
9. O-O Nb4 10. Rb1 Nxd3 11. cxd3 Qb6 12. e4 dxe4 13. dxe4 Be6 14. Be3 Bb3 15.
Qc1 Qb4 16. Ra1 Nd7 17. Bd2 Qd6 18. Ra3 Bc4 19. Rd1 e5 20. d5 cxd5 21. exd5
Rac8 22. Qb1 Nc5 23. Be3 Rfd8 24. Bxc5 Qxc5 25. Ne4 Qb6 26. d6 f5 27. d7 Rc6
28. Ned2 Be6 29. Ng5 Rxd7 30. Nxe6 Rxe6 31. Nc4 Qd8 32. Rxd7 Qxd7 33. Nxa5 Rd6
34. Ra1 e4 35. Qa2+ Kh8 36. Qb3 Rd3 37. Qb4 Rd1+ 38. Rxd1 Qxd1+ 39. Kh2 Be5+
40. g3 Bd6 1/2-1/2

[Event "II. CLANSKA LIGA ZAHOD 2016"]
[Site "Komenda"]
[Date "2016.11.13"]
[Round "4.3"]
[White "Muhic, Jure"]
[Black "Torkar, Boris"]
[Result "1/2-1/2"]
[WhiteElo "1870"]
[BlackElo "1864"]
[PlyCount "60"]
[EventDate "2016.11.13"]
[WhiteTeam "SK DOLENJSKE TOPLICE"]
[BlackTeam "SD RADOVLJICA"]

1. c4 e6 2. Nc3 d5 3. d4 Nf6 4. Bg5 Be7 5. e3 c6 6. Nf3 Nbd7 7. Bd3 O-O 8. O-O
b6 9. Qc2 h6 10. Bh4 Bb7 11. Rac1 Rc8 12. Qe2 Ne4 13. Bxe7 Nxc3 14. Rxc3 Qxe7
15. Rfc1 dxc4 16. Bxc4 Nb8 17. Bd3 Rc7 18. Qc2 Rfc8 19. Bh7+ Kh8 20. Be4 f5 21.
Ne5 Qe8 22. Bf3 g5 23. g4 Nd7 24. Bxc6 Bxc6 25. Nxc6 fxg4 26. Qe4 Nf6 27. Qe5
Kg7 28. Nxa7 Rxc3 29. Rxc3 Rxc3 30. bxc3 Qa4 1/2-1/2

[Event "II. CLANSKA LIGA ZAHOD 2016"]
[Site "Komenda"]
[Date "2016.11.13"]
[Round "4.4"]
[White "Kocevar, Tugomir"]
[Black "Janko, Roman"]
[Result "0-1"]
[WhiteElo "1942"]
[BlackElo "1862"]
[PlyCount "110"]
[EventDate "2016.11.13"]
[WhiteTeam "SD RADOVLJICA"]
[BlackTeam "SK DOLENJSKE TOPLICE"]

1. e4 c5 2. c3 d5 3. exd5 Qxd5 4. d4 Nf6 5. Nf3 Bg4 6. Be2 e6 7. O-O Nc6 8. Be3
cxd4 9. Nxd4 Bxe2 10. Qxe2 Nxd4 11. cxd4 Be7 12. Nc3 Qd7 13. Rac1 O-O 14. Qf3
Rfd8 15. a4 Rac8 16. b3 Ba3 17. Rc2 Bb4 18. Rfc1 Bxc3 19. Rxc3 Rxc3 20. Rxc3
Rc8 21. Rxc8+ Qxc8 22. h3 Nd5 23. Qd1 Qc3 24. Qc1 Qxc1+ 25. Bxc1 Kf8 26. Kf1
Ke7 27. Ke2 Kd6 28. Bd2 a6 29. Kd3 f5 30. g3 Kc6 31. f3 Nb6 32. h4 Kd5 33. Bf4
Nd7 34. Bc7 b5 35. axb5 axb5 36. Bf4 g6 37. Bc7 Nf6 38. Be5 Ng8 39. Ke3 Nh6 40.
Kf4 Nf7 41. Bf6 h6 42. g4 g5+ 43. hxg5 hxg5+ 44. Bxg5 fxg4 45. fxg4 Nxg5 46.
Kxg5 Kxd4 47. Kf6 e5 48. g5 e4 49. g6 e3 50. g7 e2 51. g8=Q e1=Q 52. Qg4+ Kc3
53. Qf3+ Kb4 54. Qd5 Qc3+ 55. Kf5 Qc5 0-1

[Event "II. CLANSKA LIGA ZAHOD 2016"]
[Site "Komenda"]
[Date "2016.11.13"]
[Round "4.5"]
[White "Gorse, Damjan"]
[Black "Krivec, Metod"]
[Result "1/2-1/2"]
[WhiteElo "1784"]
[BlackElo "1778"]
[PlyCount "90"]
[EventDate "2016.11.13"]
[WhiteTeam "SK DOLENJSKE TOPLICE"]
[BlackTeam "SD RADOVLJICA"]

1. e4 e6 2. Nf3 d5 3. exd5 exd5 4. d4 Nf6 5. Bg5 Be7 6. Be2 O-O 7. O-O h6 8.
Bh4 Bf5 9. c4 dxc4 10. Bxc4 Nbd7 11. Nc3 Nb6 12. Bb3 c6 13. Ne5 Nbd5 14. Qf3
Bh7 15. Nxd5 Nxd5 16. Bxe7 Qxe7 17. Bxd5 cxd5 18. Qxd5 Rfd8 19. Qc5 Qxc5 20.
dxc5 Rd5 21. Rfe1 Rxc5 22. Nd7 Rc2 23. b3 Bf5 24. Red1 Re8 25. Rd5 Bxd7 26.
Rxd7 Rb8 27. b4 Kf8 28. h3 Ke8 29. Rd4 Rbc8 30. a3 Re2 31. Rf4 Re6 32. Rf3 Rd8
33. Kf1 Rd7 34. Re1 Rde7 35. Rxe6 Rxe6 36. Rc3 Kd7 37. f3 Rd6 38. Ke2 Re6+ 39.
Re3 Rd6 40. Rd3 Ke7 41. Re3+ Kd7 42. Rd3 Ke7 43. Re3+ Kd7 44. Rd3 Ke7 45. Re3+
Kd7 1/2-1/2

[Event "II. CLANSKA LIGA ZAHOD 2016"]
[Site "Komenda"]
[Date "2016.11.13"]
[Round "4.6"]
[White "Pretnar, Bostjan"]
[Black "Kregulj, Andrej"]
[Result "1/2-1/2"]
[WhiteElo "1730"]
[BlackElo "1717"]
[PlyCount "70"]
[EventDate "2016.11.13"]
[WhiteTeam "SD RADOVLJICA"]
[BlackTeam "SK DOLENJSKE TOPLICE"]

1. d4 d5 2. Bg5 Nc6 3. e3 a6 4. c4 h6 5. Bh4 g5 6. Bg3 Nf6 7. Nc3 e6 8. Nf3 Nh5
9. Be5 Nxe5 10. Nxe5 Nf6 11. Be2 h5 12. Qc2 c6 13. O-O Bd6 14. f4 g4 15. c5
Bxe5 16. fxe5 Ng8 17. Rf4 Qg5 18. Raf1 Nh6 19. Bd3 Rg8 20. Qf2 Rg7 21. Rf6 g3
22. Qxg3 Qxg3 23. hxg3 Ng4 24. R6f3 Ke7 25. Ne2 Bd7 26. Nf4 Rh8 27. Nh3 Be8 28.
b4 Bd7 29. a4 Bc8 30. a5 Bd7 31. Nf4 Be8 32. Nh3 Bd7 33. Nf4 Be8 34. Nh3 Bd7
35. Nf4 Be8 1/2-1/2

[Event "II. CLANSKA LIGA ZAHOD 2016"]
[Site "Komenda"]
[Date "2016.11.13"]
[Round "4.1"]
[White "Hasanagic, Anel"]
[Black "Kersic, Matej"]
[Result "1/2-1/2"]
[WhiteElo "2219"]
[BlackElo "2152"]
[PlyCount "96"]
[EventDate "2016.11.13"]
[WhiteTeam "SD JESENICE"]
[BlackTeam "SK STARI MAYR KRANJ"]

1. b3 d5 2. Bb2 Nf6 3. Nf3 Bf5 4. Nh4 Bd7 5. e3 c5 6. c4 Bc6 7. Nf3 Nbd7 8.
cxd5 Nxd5 9. Be2 e6 10. O-O N5f6 11. d4 Be7 12. dxc5 Bxc5 13. Nd4 Bxd4 14. Qxd4
O-O 15. Rd1 Qa5 16. Qh4 Qf5 17. Bd3 Qh5 18. Qxh5 Nxh5 19. Nc3 Nhf6 20. Ne2 Rfd8
21. Nd4 Be4 22. Be2 Bd5 23. f3 e5 24. Nf5 Be6 25. Nd6 Rab8 26. e4 Ne8 27. Nxe8
Rxe8 28. Bb5 Red8 29. Bxd7 Rxd7 30. Rxd7 Bxd7 31. Bxe5 Rc8 32. Rd1 Be6 33. Rd2
f6 34. Bb2 Kf7 35. Kf2 a6 36. Ke3 Ke8 37. f4 Rd8 38. Bd4 Rd6 39. f5 Bd7 40. g4
Kf7 41. h4 Bc6 42. g5 Rd8 43. Rg2 Re8 44. Rg4 b5 45. h5 fxg5 46. e5 h6 47. e6+
Kg8 48. Bc5 Rc8 1/2-1/2

[Event "II. CLANSKA LIGA ZAHOD 2016"]
[Site "Komenda"]
[Date "2016.11.13"]
[Round "4.2"]
[White "Podvrsnik, Marko"]
[Black "Rodman, Franc"]
[Result "1/2-1/2"]
[WhiteElo "2186"]
[BlackElo "2078"]
[PlyCount "43"]
[EventDate "2016.11.13"]
[WhiteTeam "SK STARI MAYR KRANJ"]
[BlackTeam "SD JESENICE"]

1. d4 Nf6 2. Nf3 g6 3. g3 Bg7 4. Bg2 O-O 5. O-O d6 6. c4 c5 7. b3 Nc6 8. Bb2
cxd4 9. Nxd4 Bd7 10. Nc3 a6 11. e3 Rb8 12. Nd5 Nxd5 13. cxd5 Nxd4 14. Bxd4 Rc8
15. Bxg7 Kxg7 16. Qd4+ Kg8 17. b4 Qc7 18. Qh4 Rfe8 19. Rad1 Kg7 20. Qd4+ Kg8
21. Qh4 Kg7 22. Qd4+ 1/2-1/2

[Event "II. CLANSKA LIGA ZAHOD 2016"]
[Site "Komenda"]
[Date "2016.11.13"]
[Round "4.3"]
[White "Zeleznik, Alojz"]
[Black "Djuric, Petar"]
[Result "0-1"]
[WhiteElo "2170"]
[BlackElo "2112"]
[PlyCount "102"]
[EventDate "2016.11.13"]
[WhiteTeam "SD JESENICE"]
[BlackTeam "SK STARI MAYR KRANJ"]

1. e4 c5 2. Nf3 Nc6 3. d4 cxd4 4. Nxd4 g6 5. Nc3 Bg7 6. Be3 Nf6 7. Nxc6 bxc6 8.
e5 Ng8 9. f4 Nh6 10. Qd2 d6 11. exd6 exd6 12. O-O-O O-O 13. Bd4 Bg4 14. Bxg7
Kxg7 15. Qd4+ f6 16. Re1 Qb6 17. Qxb6 axb6 18. h3 Bd7 19. g4 Rfe8 20. Bg2 Nf7
21. a3 d5 22. Rxe8 Rxe8 23. Kd2 Nd6 24. b3 f5 25. g5 Ne4+ 26. Bxe4 fxe4 27. Ke3
Kf7 28. Ne2 c5 29. c3 Rd8 30. a4 Ke7 31. Ra1 Ra8 32. h4 Bg4 33. Ng3 Rd8 34. Ra2
Bf3 35. Rd2 Ke6 36. Nf1 Kf5 37. Nh2 Bh5 38. b4 d4+ 39. cxd4 cxd4+ 40. Rxd4 Rxd4
41. Kxd4 Kxf4 42. Nf1 Be2 43. Ne3 Kf3 44. Nd5 Ba6 45. a5 bxa5 46. bxa5 Bb7 47.
Ke5 Bxd5 48. Kxd5 e3 49. a6 e2 50. a7 e1=Q 51. a8=Q Qe4+ 0-1

[Event "II. CLANSKA LIGA ZAHOD 2016"]
[Site "Komenda"]
[Date "2016.11.13"]
[Round "4.4"]
[White "Urh, Zala"]
[Black "Jeraj, Zlatko"]
[Result "0-1"]
[WhiteElo "2036"]
[BlackElo "2062"]
[PlyCount "82"]
[EventDate "2016.11.13"]
[WhiteTeam "SK STARI MAYR KRANJ"]
[BlackTeam "SD JESENICE"]

1. d4 d5 2. Nf3 Nf6 3. c4 e6 4. Nc3 c6 5. Bg5 Nbd7 6. e3 Qa5 7. Nd2 Bb4 8. Qc2
dxc4 9. Bxf6 Nxf6 10. Nxc4 Qd8 11. Bd3 O-O 12. O-O h6 13. a3 Be7 14. b4 b6 15.
Ne4 Bb7 16. Ne5 Rc8 17. Qa4 c5 18. Nxf6+ Bxf6 19. Nd7 Bc6 20. Nxf6+ Qxf6 21.
Qxa7 cxd4 22. Qxb6 dxe3 23. Qxe3 Rfd8 24. Be4 Bxe4 25. Qxe4 Rd4 26. Qb7 Rdc4
27. b5 R8c7 28. Qb6 Qxa1 29. Qb8+ Kh7 30. Qxc7 Qxf1+ 31. Kxf1 Rxc7 32. Ke2 Rc3
33. a4 Ra3 34. Kd2 Rxa4 35. Kc3 Kg6 36. Kb3 Ra1 37. Kc4 Ra2 38. b6 Rxf2 39. Kc5
Rxg2 40. b7 Rb2 41. b8=Q Rxb8 0-1

[Event "II. CLANSKA LIGA ZAHOD 2016"]
[Site "Komenda"]
[Date "2016.11.13"]
[Round "4.5"]
[White "Pavlin, Ivan"]
[Black "Bulatovic, Milorad"]
[Result "1/2-1/2"]
[WhiteElo "1882"]
[BlackElo "1864"]
[PlyCount "83"]
[EventDate "2016.11.13"]
[WhiteTeam "SD JESENICE"]
[BlackTeam "SK STARI MAYR KRANJ"]

1. d4 d5 2. g3 Nf6 3. Bg2 c6 4. Nf3 g6 5. O-O Bg7 6. b3 O-O 7. Bb2 Ne4 8. Nfd2
f5 9. f3 Nd6 10. c4 e6 11. c5 Nb5 12. e3 Nd7 13. Qc2 Qe7 14. f4 Nf6 15. a4 Nc7
16. Nf3 Ng4 17. Re1 Bd7 18. Nc3 a5 19. h3 Nf6 20. Ne5 Be8 21. Qe2 Ne4 22. Nxe4
dxe4 23. Nc4 Nd5 24. Qd2 Qc7 25. Bf1 Bf6 26. Ba3 g5 27. Nb6 Ra7 28. Be2 Be7 29.
Kh2 Kh8 30. Nc4 Rg8 31. Rg1 Rg7 32. Rg2 h5 33. Ne5 Kh7 34. Rag1 g4 35. h4 Qd8
36. Rh1 Ra8 37. Nc4 Qc7 38. Kg1 Bd8 39. Kf2 Qb8 40. Nd6 Bd7 41. Rb1 Bc7 42. Nc4
1/2-1/2

[Event "II. CLANSKA LIGA ZAHOD 2016"]
[Site "Komenda"]
[Date "2016.11.13"]
[Round "4.6"]
[White "Urh, Robert"]
[Black "Ravnik, Franc"]
[Result "1-0"]
[WhiteElo "1672"]
[BlackElo "1920"]
[PlyCount "105"]
[EventDate "2016.11.13"]
[WhiteTeam "SK STARI MAYR KRANJ"]
[BlackTeam "SD JESENICE"]

1. e4 c5 2. Nf3 Nc6 3. d4 cxd4 4. Nxd4 d6 5. Nc3 Nf6 6. Bg5 e6 7. Qd2 Be7 8.
O-O-O d5 9. exd5 Nxd5 10. Bxe7 Ndxe7 11. Be2 O-O 12. Bg4 Nxd4 13. Qxd4 Qxd4 14.
Rxd4 e5 15. Rd6 Be6 16. Bf3 Rab8 17. Rhd1 g6 18. b3 Nc8 19. Rd8 Ne7 20. Rxf8+
Kxf8 21. Ne4 b6 22. Ng5 h6 23. Nxe6+ fxe6 24. Re1 Rd8 25. Rxe5 Kf7 26. a4 Kf6
27. Re3 Rd6 28. h4 g5 29. hxg5+ hxg5 30. c3 Ng6 31. Kc2 Nf4 32. Be2 Nxg2 33.
Re4 Nf4 34. b4 Nd5 35. Kb3 Nf4 36. Bc4 e5 37. a5 Rd2 38. f3 Nd3 39. axb6 axb6
40. Re3 Nb2 41. Bb5 Nd1 42. Rd3 Rxd3 43. Bxd3 Ke6 44. Be4 Kd6 45. Kc4 Ne3+ 46.
Kb5 Kc7 47. c4 Nd1 48. c5 bxc5 49. Kxc5 Ne3 50. b5 Kd7 51. Kb6 Kc8 52. Ka7 Nc4
53. b6 1-0

[Event "II. CLANSKA LIGA ZAHOD 2016"]
[Site "Komenda"]
[Date "2016.11.13"]
[Round "4.1"]
[White "Butala, Marjan"]
[Black "Kodric, Vladimir"]
[Result "1/2-1/2"]
[WhiteElo "2015"]
[BlackElo "1945"]
[PlyCount "90"]
[EventDate "2016.11.13"]
[WhiteTeam "KPSRD KAREL JERAJ LJUBLJANA"]
[BlackTeam "SK LOSKA DOLINA"]

1. c4 g6 2. Nf3 Bg7 3. g3 c6 4. Nc3 d6 5. Bg2 Nf6 6. d4 Qc7 7. e4 e5 8. d5 O-O
9. O-O c5 10. Ne1 Nbd7 11. Nb5 Qb8 12. a4 a6 13. Nc3 b6 14. Nd3 Ra7 15. Be3 h6
16. h3 Qc7 17. Qd2 Kh7 18. f4 Nh5 19. g4 Nxf4 20. Nxf4 exf4 21. Rxf4 Ne5 22.
Qe2 Qd8 23. Raf1 Re7 24. Nd1 Bd7 25. b3 Qe8 26. Qc2 b5 27. axb5 axb5 28. Nb2
bxc4 29. Nxc4 Nxc4 30. bxc4 Qa8 31. Kh1 Be8 32. R4f2 Rb7 33. Bf4 Qb8 34. e5
dxe5 35. Be3 Qd6 36. Rb1 Ra7 37. Be4 Bd7 38. Qd3 Kg8 39. Kg2 Rb8 40. Qd2 Ra4
41. Rc1 Rf8 42. Bxh6 f5 43. Bxg7 Kxg7 44. gxf5 gxf5 45. Bc2 Ra3 1/2-1/2

[Event "II. CLANSKA LIGA ZAHOD 2016"]
[Site "Komenda"]
[Date "2016.11.13"]
[Round "4.2"]
[White "Drobnic, Milan"]
[Black "Mlacnik, Franc"]
[Result "1/2-1/2"]
[WhiteElo "1892"]
[BlackElo "2019"]
[PlyCount "117"]
[EventDate "2016.11.13"]
[WhiteTeam "SK LOSKA DOLINA"]
[BlackTeam "KPSRD KAREL JERAJ LJUBLJANA"]

1. c4 f5 2. g3 Nf6 3. Bg2 e5 4. Nc3 Bc5 5. e3 Nc6 6. Nge2 e4 7. d4 Bb4 8. a3
Bxc3+ 9. Nxc3 O-O 10. O-O b6 11. b4 Bb7 12. Bb2 d5 13. Qb3 Kh8 14. Rfc1 Ne7 15.
a4 g5 16. a5 a6 17. cxd5 Nexd5 18. b5 axb5 19. Qxb5 c6 20. Qb3 b5 21. Ba3 Rg8
22. Bb4 Qe8 23. Nxd5 Nxd5 24. Bd2 Rg6 25. Rc5 Rh6 26. h3 Qe6 27. Rb1 Rg8 28.
Qc2 Re8 29. Ra1 f4 30. exf4 gxf4 31. Bxf4 Nxf4 32. gxf4 Qd6 33. Qd2 Rg6 34. Re1
Reg8 35. Rg5 h6 36. Rg3 c5 37. Kh2 Qxd4 38. Qxd4+ cxd4 39. Bxe4 Rxg3 40. fxg3
Re8 41. a6 Ba8 42. Bxa8 Rxe1 43. Bc6 Ra1 44. Bxb5 Ra3 45. Kg2 Kg7 46. g4 Kf6
47. h4 Ke6 48. h5 Kf6 49. Kf2 Ke6 50. g5 hxg5 51. fxg5 Kf5 52. h6 Kg6 53. Ke2
Re3+ 54. Kd2 Re7 55. Bd3+ Kxg5 56. h7 Re8 57. a7 Kh6 58. Be4 Kg7 59. a8=Q
1/2-1/2

[Event "II. CLANSKA LIGA ZAHOD 2016"]
[Site "Komenda"]
[Date "2016.11.13"]
[Round "4.3"]
[White "Mlacnik, Janez"]
[Black "Stanic, Vitko"]
[Result "1-0"]
[WhiteElo "1874"]
[BlackElo "1764"]
[PlyCount "57"]
[EventDate "2016.11.13"]
[WhiteTeam "KPSRD KAREL JERAJ LJUBLJANA"]
[BlackTeam "SK LOSKA DOLINA"]

1. e4 d6 2. Nc3 e5 3. Nf3 Bg4 4. Bc4 Nf6 5. O-O Be7 6. h3 Bh5 7. d3 h6 8. Be3
Nbd7 9. Re1 O-O 10. g4 Bg6 11. Nh4 Kh7 12. Nf5 c6 13. Qf3 Ng8 14. Rad1 b5 15.
Bb3 a5 16. a4 b4 17. Ne2 Nc5 18. d4 Nxb3 19. dxe5 Bxf5 20. gxf5 Qc7 21. f6 gxf6
22. Qf5+ Kh8 23. exd6 Bxd6 24. cxb3 Be5 25. Rd7 Bh2+ 26. Kh1 Qe5 27. Qg4 f5 28.
Qh5 fxe4 29. Bd4 1-0

[Event "II. CLANSKA LIGA ZAHOD 2016"]
[Site "Komenda"]
[Date "2016.11.13"]
[Round "4.4"]
[White "Siraj, Dejan"]
[Black "Vertacnik, Viktor"]
[Result "1/2-1/2"]
[WhiteElo "1886"]
[BlackElo "1570"]
[PlyCount "69"]
[EventDate "2016.11.13"]
[WhiteTeam "SK LOSKA DOLINA"]
[BlackTeam "KPSRD KAREL JERAJ LJUBLJANA"]

1. e4 e5 2. Nc3 Bc5 3. Bc4 d6 4. d3 Nf6 5. Bg5 c6 6. h3 Be6 7. Bxe6 fxe6 8. Nf3
O-O 9. O-O Nbd7 10. Na4 Qe8 11. Nxc5 Nxc5 12. a4 a6 13. b4 Ncd7 14. c4 Qf7 15.
a5 Nh5 16. Qc2 Nf4 17. Bxf4 Qxf4 18. Qa2 c5 19. b5 g5 20. Qd2 h6 21. Qxf4 exf4
22. d4 e5 23. dxe5 Nxe5 24. Nxe5 dxe5 25. Rfd1 Rfd8 26. Rd5 Rxd5 27. exd5 axb5
28. cxb5 Kf7 29. a6 bxa6 30. Rxa6 Rb8 31. Ra7+ Kf6 32. Ra6+ Kf7 33. Ra7+ Kf6
34. Ra6+ Kf7 35. Ra7+ 1/2-1/2

[Event "II. CLANSKA LIGA ZAHOD 2016"]
[Site "Komenda"]
[Date "2016.11.13"]
[Round "4.5"]
[White "Cizman, Gregor"]
[Black "Bavec, Vinko"]
[Result "1/2-1/2"]
[WhiteElo "1611"]
[BlackElo "1567"]
[PlyCount "48"]
[EventDate "2016.11.13"]
[WhiteTeam "KPSRD KAREL JERAJ LJUBLJANA"]
[BlackTeam "SK LOSKA DOLINA"]

1. d4 d5 2. Nf3 Nf6 3. Bf4 g6 4. e3 Bg7 5. Nbd2 O-O 6. h3 c6 7. c3 Nbd7 8. Bd3
Nh5 9. Bh2 Bf6 10. O-O Re8 11. e4 dxe4 12. Nxe4 Bg7 13. Re1 Nhf6 14. Nxf6+ exf6
15. Rxe8+ Qxe8 16. Qe1 Qf8 17. Qe2 Nb6 18. Re1 Be6 19. a3 Qd8 20. Bf4 Nd5 21.
Bc1 Nb6 22. Bf4 Nd5 23. Bc1 Nb6 24. Bf4 Nd5 1/2-1/2

[Event "II. CLANSKA LIGA ZAHOD 2016"]
[Site "Komenda"]
[Date "2016.11.13"]
[Round "4.6"]
[White "Sharku, Hysen"]
[Black "Ulaga, Karel"]
[Result "1/2-1/2"]
[WhiteElo "2041"]
[BlackElo "1732"]
[PlyCount "61"]
[EventDate "2016.11.13"]
[WhiteTeam "SK LOSKA DOLINA"]
[BlackTeam "KPSRD KAREL JERAJ LJUBLJANA"]

1. e4 e5 2. Bc4 Nc6 3. Nf3 Nd4 4. Nxe5 Qg5 5. c3 Qxg2 6. d3 Qxh1+ 7. Kd2 Qxd1+
8. Kxd1 Ne6 9. f4 d6 10. Nf3 Be7 11. Na3 Bd7 12. b4 c6 13. Bd2 Nc7 14. Nc2 Bg4
15. Nce1 f6 16. Kc2 Bxf3 17. Nxf3 O-O-O 18. a4 Bf8 19. Be3 Kb8 20. Nh4 Ne7 21.
Rg1 g5 22. fxg5 fxg5 23. Bd4 gxh4 24. Bxh8 Ng6 25. Bf6 Be7 26. Bxe7 Nxe7 27.
Rg7 Ng6 28. Rxh7 Ne5 29. Rxh4 Nxc4 30. dxc4 Ne6 31. Kd3 1/2-1/2